| 000 | 00572nam a2200205Ia 4500 | ||
|---|---|---|---|
| 003 | OSt | ||
| 005 | 20250303100151.0 | ||
| 008 | 210210b1988 xxu||||| |||| 00| 0 eng d | ||
| 040 | _cAL | ||
| 041 | _aKannada | ||
| 082 | _aK894.9 MOGD | ||
| 100 |
_aMOGASALE (Na) _9140542 _dಮೊಗಸಾಲೆ( ನಾ ) |
||
| 245 |
_aRatnakara _bರತ್ನಾಕರ |
||
| 260 |
_aMoodbidri _bSahitya Sammelana _c1988 |
||
| 300 | _a- | ||
| 650 |
_aDakshina Kannada Sahitya Sammelana Mudabidare _9140543 |
||
| 690 |
_aKannada Criticism _9140544 |
||
| 906 | _a041719 | ||
| 942 |
_2ddc _cBK |
||
| 999 |
_c91799 _d91799 |
||